000 00568nam a2200205Ia 4500
005 20250923145830.0
008 008 250917s9999 xx 000 0 eng d
037 _aTextual
040 _aDSWL
_beng
_cDSWL
041 _aeng
_2eng
084 _aY15v2, N89
_qDSWL
245 0 _aRecasting women: Essays in colonial theory
_c by K. Sangaric
260 _aNew Delhi
_b Kali for Woman
_c1989
300 _a372p.
365 _aINR
_b200.00
700 _a S. Vaid
_9839380
925 _g200.00
942 _cTEXL
_hY15v2, N89
999 _c1456239
_d1456239